TENWEK HOSP HOME | SOC  | ASK A LIBRARIANSTAFF LOGIN  |  DIGITAL REPOSITORYe-BOOK PORTAL  |  OFF-CAMPUS PORTAL  |  DONATE

Community health nursing, theory and process / (Record no. 1818)

MARC details
000 -LEADER
fixed length control field 00754pam a2200241 i 4500
001 - CONTROL NUMBER
control field 1826996
003 - CONTROL NUMBER IDENTIFIER
control field Ke-BoTe
005 - DATE AND TIME OF LATEST TRANSACTION
control field 20220426102455.0
008 - FIXED-LENGTH DATA ELEMENTS--GENERAL INFORMATION
fixed length control field 800917s1981 paua b 001 0 eng
010 ## - LIBRARY OF CONGRESS CONTROL NUMBER
LC control number 80022659
020 ## - INTERNATIONAL STANDARD BOOK NUMBER
International Standard Book Number 0397542976
040 ## - CATALOGING SOURCE
Original cataloging agency DLC
Transcribing agency DLC
Modifying agency DLC
050 00 - LIBRARY OF CONGRESS CALL NUMBER
Classification number RT98
Item number .H44
082 00 - DEWEY DECIMAL CLASSIFICATION NUMBER
Classification number 610.73/43
Edition number 19
100 1# - MAIN ENTRY--PERSONAL NAME
Personal name Helvie, Carl O.
9 (RLIN) 3567
245 10 - TITLE STATEMENT
Title Community health nursing, theory and process /
Statement of responsibility, etc. Carl O. Helvie, with 2 contributions.
260 ## - PUBLICATION, DISTRIBUTION, ETC.
Place of publication, distribution, etc. Philadelphia :
Name of publisher, distributor, etc. Harper & Row,
Date of publication, distribution, etc. c1981.
300 ## - PHYSICAL DESCRIPTION
Extent xvii, 332 p. :
Other physical details ill. ;
Dimensions 24 cm.
504 ## - BIBLIOGRAPHY, ETC. NOTE
Bibliography, etc. note Includes bibliographical references and index.
650 #0 - SUBJECT ADDED ENTRY--TOPICAL TERM
Topical term or geographic name entry element Community health nursing.
9 (RLIN) 3369
906 ## - LOCAL DATA ELEMENT F, LDF (RLIN)
a 7
b cbc
c orignew
d 1
e ocip
f 19
g y-gencatlg
942 ## - ADDED ENTRY ELEMENTS (KOHA)
Source of classification or shelving scheme Library of Congress Classification
Koha item type Books
Suppress in OPAC No
Holdings
Withdrawn status Lost status Source of classification or shelving scheme Damaged status Not for loan Collection code Home library Current library Shelving location Date acquired Full call number Barcode Date last seen Price effective from Koha item type
    Library of Congress Classification     Non-fiction SCHOOL OF HEALTH SCIENCES SCHOOL OF HEALTH SCIENCES General Stacks 26.04.2022 RT98.H44 1981 00001646 26.04.2022 26.04.2022 Books